Catalog

Record Details

Catalog Search



Biscuit's pet & play Halloween / by Alyssa Satin ... Read More

Available copies

  • 1 of 1 copy available at LARL/NWRL Consortium.

Current holds

0 current holds with 1 total copy.

Show Only Available Copies
Location Call Number / Copy Notes Barcode Shelving Location Status Due Date
Roseau Public Library e CAP (BOARD BOOK) (Text) 35500006920365 Main Available -

Record details

  • ISBN: 9780061128332
  • ISBN: 0061128333
  • Physical Description: [10] p. : col. ill. ; 18 cm.
  • Publisher: New York : HarperCollins, c2007.

Content descriptions

General Note:
Cover title.
On textured board pages.
"Biscuit the little yellow puppy"--Cover.
Summary, etc.:
Biscuit enjoys the kids' Halloween costumes. ... Read More
Subject: Biscuit (Fictitious character) > Juvenile fiction.
Puppies > Juvenile fiction.
Halloween > Juvenile fiction.
Textured books > Specimens.
Biscuit (Fictitious character) > Fiction.
Dogs > Fiction.
Halloween > Fiction.
Textured books.
Halloween.
Puppies.
Textured books.
Genre: Picture books for children.
Fiction.
Juvenile works.
Picture books.
LDR 02359cam a2200625 a 4500
001479778
003LARL_NWRL_CONSORTIUM
00520260202160257.0
008070724s2007 nyua a 000 1 eng d
010 . ‡a 2006930082
040 . ‡aRCP ‡beng ‡cRCP ‡dOCLCO ‡dOCLCF ‡dOCLCQ ‡dYDX
020 . ‡a9780061128332 ‡q(board)
020 . ‡a0061128333 ‡q(board)
035 . ‡a(OCoLC)1390148859
08204. ‡a[E] ‡222
1001 . ‡aCapucilli, Alyssa Satin, ‡d1957- ‡0(LARL_NWRL_CONSORTIUM)108951
24510. ‡aBiscuit's pet & play Halloween / ‡cby Alyssa Satin Capucilli ; [pictures by Dan Andreasen].
2463 . ‡aBiscuit's pet and play Halloween
260 . ‡aNew York : ‡bHarperCollins, ‡cc2007.
300 . ‡a[10] p. : ‡bcol. ill. ; ‡c18 cm.
500 . ‡aCover title.
500 . ‡aOn textured board pages.
500 . ‡a"Biscuit the little yellow puppy"--Cover.
520 . ‡aBiscuit enjoys the kids' Halloween costumes. Includes textured pages.
650 0. ‡aBiscuit (Fictitious character) ‡vJuvenile fiction.
650 0. ‡aPuppies ‡vJuvenile fiction. ‡0(LARL_NWRL_CONSORTIUM)174509
650 0. ‡aHalloween ‡vJuvenile fiction. ‡0(LARL_NWRL_CONSORTIUM)165543
650 0. ‡aTextured books ‡vSpecimens. ‡0(LARL_NWRL_CONSORTIUM)167709
650 1. ‡aBiscuit (Fictitious character) ‡vFiction.
650 1. ‡aDogs ‡vFiction. ‡0(LARL_NWRL_CONSORTIUM)164539
650 1. ‡aHalloween ‡vFiction. ‡0(LARL_NWRL_CONSORTIUM)165596
650 1. ‡aTextured books. ‡0(LARL_NWRL_CONSORTIUM)40886
650 7. ‡aHalloween. ‡2fast ‡0(LARL_NWRL_CONSORTIUM)21819
650 7. ‡aPuppies. ‡2fast ‡0(LARL_NWRL_CONSORTIUM)29155
650 7. ‡aTextured books. ‡2fast ‡0(LARL_NWRL_CONSORTIUM)40886
655 0. ‡aPicture books for children.
655 7. ‡aFiction. ‡2fast
655 7. ‡aJuvenile works. ‡2fast
655 7. ‡aPicture books. ‡2fast
7001 . ‡aAndreasen, Dan, ‡eill. ‡0(LARL_NWRL_CONSORTIUM)103556
901 . ‡a479778 ‡bAUTOGEN ‡c479778 ‡tbiblio

Additional Resources